000 00260nam a2200097Ia 4500
008 230915s9999 xx 000 0 und d
050 _aS494.5 .U398 2007
100 _aMOIR KATHERINE
245 0 _aUKUZAJI WA MITI NA BUSTANI KWA USTAWISHAJI MAISHA
942 _cBK
999 _c201485
_d201485